| 000 | 01917nam a2200301 4500 | ||
|---|---|---|---|
| 003 | co-ctgcurn | ||
| 005 | 20250329165503.0 | ||
| 007 | ta | ||
| 008 | 190415s2021 000 0 eng d | ||
| 040 |
_aCO-CtgCURN _bspa _ccoctgcurn |
||
| 082 | 0 |
_aODO 2021 _bV665 |
|
| 100 | 1 | _aViera Martínez, Rosaura. | |
| 245 | 1 | 0 |
_aLesiones dentales no cariosas : _bUna vista desde la prevalencia, factores de riesgos y agentes etiológicos / _cRosaura Viera Martínez; Iván Fuentes García; Co-investigadores: Lidis Marina Torres; Yuri Ballesteros Oliva; Alvaro Matson Robles; Investigadora Jennifer Orozco Páez. |
| 260 | _c2021. | ||
| 260 | 1 |
_aCartagena de Indias : : _bCorporación Universitaria Rafael Nuñez,, _c2021. |
|
| 300 | _a15 hojas. | ||
| 504 | _aTrabajo de grado (Odontologo).Corporación Universitaria Rafael Núñez. Facultad de Ciencias de Salud. Programa de Odontología, 2021. | ||
| 520 | _a"Las lesiones no cariosas son alteraciones dentales que actualmente representan un desafío clínico para el odontólogo y el especialista en rehabilitación oral, debido a las complicaciones que experimentan los individuos que la padecen cuando los casos son graves, adicionalmente, son lesiones cuyo manejo tiende a ser complejo debido a que se derivan de la confluencia de diferentes factores" | ||
| 650 | 1 | 4 |
_aOdontología _vTesis y disertaciones academicas. |
| 700 | 1 | _aFuentes García, Iván. | |
| 700 | 1 |
_aTorres, Lidis Marina, _eco-investigador. |
|
| 700 | 1 |
_aBallesteros Oliva, Yuri, _eco-investigador. |
|
| 700 | 1 |
_aMatson Robles, Alvaro, _einvestigador. |
|
| 700 | 1 |
_aOrozco Páez, Jennifer, _einvestigador. |
|
| 856 |
_uhttps://unicurn.sharepoint.com/:b:/s/biblioteca/EcbSr84caaBOuKUajVMbfUwBiyTqT2GKnWQk6YnYRVR0PQ?e=cDRVZH _zClick aqui para ver el recurso en texto completo |
||
| 942 |
_2ddc _aTG _cTG _hODO 2021 _iV665 |
||
| 999 |
_c5626 _d5626 |
||